[Event "16. Obert Internacional Sant Martí 2014"]
[Site "Barcelona ESP"]
[Date "2014.07.15"]
[Round "3.33"]
[White "Akshat, Khamparia"]
[Black "Marchador Villalba, Jordi"]
[Result "1-0"]
[WhiteElo "2367"]
[BlackElo "2025"]
[PlyCount "67"]
[EventDate "2014.07.13"]
[EventType "swiss"]
[EventRounds "9"]
[EventCountry "ESP"]
[Source "lmi"]
[SourceDate "2014.07.13"]

1. d4 e6 2. c4 Nf6 3. Nc3 c5 4. d5 exd5 5. cxd5 d6 6. Nf3 g6 7. Bf4 Bg7 8. h3
O-O 9. e3 Na6 10. Be2 Nc7 11. O-O Re8 12. a4 Ne4 13. Nxe4 Rxe4 14. Nd2 Rb4 15.
Nc4 Ne8 16. e4 Bxb2 17. Nxb2 Rxb2 18. Bd2 a5 19. Bc3 Rb4 20. e5 Qg5 21. Bxb4
Bxh3 22. Bf3 axb4 23. e6 f5 24. Qd3 Nf6 25. Rfe1 Bg4 26. Bxg4 Nxg4 27. f3 Ne5
28. Rxe5 dxe5 29. d6 Qf6 30. Qd5 e4 31. Rd1 exf3 32. Qxb7 Re8 33. e7 Kg7 34.
Qxf3 1-0

[Event "16. Obert Internacional Sant Martí 2014"]
[Site "Barcelona ESP"]
[Date "2014.07.15"]
[Round "3.34"]
[White "Kholopov, Alexander A"]
[Black "Tateo, Ida"]
[Result "1-0"]
[WhiteElo "2339"]
[BlackElo "1330"]
[PlyCount "47"]
[EventDate "2014.07.13"]
[EventType "swiss"]
[EventRounds "9"]
[EventCountry "ESP"]
[Source "lmi"]
[SourceDate "2014.07.13"]

1. d4 Nf6 2. c4 g6 3. Nc3 Bg7 4. e4 d6 5. f4 O-O 6. Nf3 c5 7. d5 Na6 8. Be2 Qa5
9. O-O Nd7 10. Bd2 Qc7 11. Qe1 e6 12. dxe6 fxe6 13. Qh4 Nf6 14. e5 dxe5 15.
fxe5 Nh5 16. Nb5 Qb8 17. g4 Nf4 18. Bxf4 Rxf4 19. Ng5 Rxf1+ 20. Rxf1 h6 21. Nf7
Kh7 22. Nxh6 Bd7 23. Nf5+ Kg8 24. Ne7# 1-0

[Event "16. Obert Internacional Sant Martí 2014"]
[Site "Barcelona ESP"]
[Date "2014.07.15"]
[Round "3.35"]
[White "Smirnov, Boris"]
[Black "Gomez Jurado, Luis Alberto"]
[Result "1-0"]
[WhiteElo "2145"]
[BlackElo "2304"]
[PlyCount "123"]
[EventDate "2014.07.13"]
[EventType "swiss"]
[EventRounds "9"]
[EventCountry "ESP"]
[Source "lmi"]
[SourceDate "2014.07.13"]

1. Nf3 d5 2. g3 Nf6 3. Bg2 e6 4. c4 g6 5. O-O Bg7 6. d4 O-O 7. Nc3 dxc4 8. Qa4
a6 9. Qxc4 b5 10. Qb3 Bb7 11. a4 c6 12. Bf4 Qe7 13. a5 Nd5 14. Be5 c5 15. dxc5
Qxc5 16. Ne4 Qb4 17. Nf6+ Bxf6 18. Qxb4 Nxb4 19. Bxf6 Nd5 20. Bg5 f6 21. Bh6
Rc8 22. Rfd1 Ne7 23. g4 Bd5 24. Nd2 Bxg2 25. Kxg2 Nbc6 26. Ne4 Nd5 27. Rxd5
exd5 28. Nxf6+ Kf7 29. Nxd5 Rd8 30. Rc1 Ne5 31. Nb6 Ra7 32. h3 Ke6 33. Bg5 Re8
34. b3 Rb7 35. e4 Rf8 36. f4 Nd3 37. Rc6+ Kf7 38. Nd5 Kg7 39. f5 gxf5 40. Bh6+
Kg8 41. Bxf8 Kxf8 42. exf5 b4 43. Rb6 Rd7 44. Nxb4 Nc5 45. Nxa6 Rd2+ 46. Kf1
Nd7 47. Re6 Rd3 48. b4 Rxh3 49. Nc5 Nxc5 50. bxc5 h5 51. g5 Rc3 52. Rf6+ Kg7
53. a6 Rc1+ 54. Kg2 Rxc5 55. Rg6+ Kh8 56. Rb6 h4 57. Rb8+ Kh7 58. Rb7+ Kg8 59.
a7 Rc2+ 60. Kh3 Rc3+ 61. Kxh4 Ra3 62. Rb8+ 1-0

[Event "16. Obert Internacional Sant Martí 2014"]
[Site "Barcelona ESP"]
[Date "2014.07.15"]
[Round "3.37"]
[White "Matsenko, Andrei"]
[Black "Masferrer Niubo, Enric"]
[Result "1-0"]
[WhiteElo "2294"]
[BlackElo "1996"]
[PlyCount "99"]
[EventDate "2014.07.13"]
[EventType "swiss"]
[EventRounds "9"]
[EventCountry "ESP"]
[Source "lmi"]
[SourceDate "2014.07.13"]

1. e4 e5 2. Nf3 Nc6 3. Bb5 a6 4. Ba4 Nf6 5. d3 b5 6. Bb3 Be7 7. c3 d6 8. Nbd2
Na5 9. Bc2 c5 10. Nf1 Bb7 11. Ng3 g6 12. O-O O-O 13. Qe2 Qc7 14. h3 Rfe8 15.
Nh2 d5 16. Ng4 Nxg4 17. Qxg4 dxe4 18. dxe4 Bc8 19. Qf3 Be6 20. Re1 Rad8 21. Nf1
Rd7 22. Ne3 Red8 23. Qg3 Kh8 24. b3 Nc6 25. Bb2 Bf6 26. Bd1 Bg7 27. Bg4 Bxg4
28. hxg4 Rd3 29. g5 R8d7 30. Qg4 Ne7 31. Red1 a5 32. Nd5 Rxd1+ 33. Rxd1 Nxd5
34. exd5 c4 35. bxc4 bxc4 36. Ba3 Kg8 37. Bc5 Bf8 38. Bb6 Qb7 39. d6 Rxd6 40.
Rxd6 Bxd6 41. Bxa5 Qb1+ 42. Kh2 Qxa2 43. Qc8+ Kg7 44. Bd8 e4+ 45. Kh3 Be5 46.
Be7 h5 47. Qf8+ Kh7 48. Qxf7+ Kh8 49. Bf6+ Bxf6 50. gxf6 1-0

[Event "16. Obert Internacional Sant Martí 2014"]
[Site "Barcelona ESP"]
[Date "2014.07.15"]
[Round "3.38"]
[White "Newrkla, Katharina"]
[Black "Alfara Ayllon, Jose Luis"]
[Result "0-1"]
[WhiteElo "2167"]
[BlackElo "1942"]
[PlyCount "106"]
[EventDate "2014.07.13"]
[EventType "swiss"]
[EventRounds "9"]
[EventCountry "ESP"]
[Source "lmi"]
[SourceDate "2014.07.13"]

1. e4 c5 2. Nf3 d6 3. d4 cxd4 4. Nxd4 Nf6 5. Nc3 a6 6. Bc4 e6 7. Bb3 b5 8. Bg5
Be7 9. Qf3 Qc7 10. e5 Bb7 11. exd6 Bxd6 12. Qe3 O-O 13. O-O-O Be7 14. Rhe1 Nc6
15. Qh3 Rad8 16. Nde2 Na5 17. f3 Nxb3+ 18. axb3 Qa5 19. Bd2 b4 20. Na4 Bc6 21.
Kb1 Rd5 22. Nf4 Rd6 23. Nd3 Rxd3 24. cxd3 Bxa4 25. bxa4 Qxa4 26. Qh4 Nd5 27.
Qc4 Nb6 28. Qe4 a5 29. Rc1 Bf6 30. Rc2 Qb3 31. d4 Nc4 32. Kc1 Qa2 33. Rxc4
Qxc4+ 34. Kb1 Qxd4 35. Qxd4 Bxd4 36. Re4 e5 37. g4 Rd8 38. Be3 Bxe3 39. Rxe3 f6
40. Kc2 Kf7 41. Kb3 Rd2 42. h4 Ke6 43. f4 Kd5 44. fxe5 fxe5 45. Rf3 Rg2 46. g5
Ke6 47. Rf8 Rg4 48. Re8+ Kf5 49. Re7 Rxh4 50. Rxg7 e4 51. Ka4 e3 52. Re7 Re4
53. Rxh7 e2 0-1

[Event "16. Obert Internacional Sant Martí 2014"]
[Site "Barcelona ESP"]
[Date "2014.07.15"]
[Round "3.39"]
[White "Bru Rullo, Llatzer"]
[Black "Magallanes, Gustavo"]
[Result "1-0"]
[WhiteElo "2152"]
[BlackElo "1969"]
[PlyCount "109"]
[EventDate "2014.07.13"]
[EventType "swiss"]
[EventRounds "9"]
[EventCountry "ESP"]
[Source "lmi"]
[SourceDate "2014.07.13"]

1. e4 c5 2. Nf3 e6 3. d4 cxd4 4. Nxd4 Nc6 5. Nc3 Qc7 6. Be3 a6 7. Bd3 b5 8.
Nxc6 Qxc6 9. O-O Bb7 10. f3 Nf6 11. Qd2 d5 12. exd5 Nxd5 13. Be4 Rd8 14. Bxd5
exd5 15. Rfe1 Be7 16. Bd4 Bc8 17. Qg5 Be6 18. Qxg7 Kd7 19. Qe5 Rhg8 20. Be3 Kc8
21. Rad1 Rg6 22. Bd4 Rdg8 23. Rd2 Bd6 24. Qe3 Bh3 25. Ree2 b4 26. Nd1 Qd7 27.
Qd3 Bf4 28. Be3 Bb8 29. Kh1 Qd6 30. gxh3 Qe6 31. Rg2 Qxh3 32. Rxg6 Rxg6 33. Rf2
Bxh2 34. Qf1 Rg1+ 35. Qxg1 Bf4+ 36. Rh2 Qxf3+ 37. Qg2 Qxd1+ 38. Bg1 Bxh2 39.
Kxh2 Kb7 40. Bf2 Qh5+ 41. Qh3 Qe5+ 42. Kg2 Qe4+ 43. Qf3 Qg6+ 44. Kf1 Qe6 45.
Qe3 Qe4 46. Qb6+ Kc8 47. Qxa6+ Kd7 48. Qb5+ Ke6 49. Qe8+ Kd6 50. Qxe4 dxe4 51.
Ke2 Kd5 52. a4 bxa3 53. bxa3 f5 54. Ke3 h5 55. Kf4 1-0

[Event "16. Obert Internacional Sant Martí 2014"]
[Site "Barcelona ESP"]
[Date "2014.07.15"]
[Round "3.40"]
[White "Sonis, Francesco"]
[Black "Naslund, Mikael"]
[Result "1/2-1/2"]
[WhiteElo "2029"]
[BlackElo "2148"]
[PlyCount "61"]
[EventDate "2014.07.13"]
[EventType "swiss"]
[EventRounds "9"]
[EventCountry "ESP"]
[Source "lmi"]
[SourceDate "2014.07.13"]

1. d4 Nf6 2. c4 g6 3. g3 d5 4. cxd5 Nxd5 5. Bg2 Bg7 6. Nf3 Nc6 7. Nc3 Nb6 8. d5
Bxc3+ 9. bxc3 Qxd5 10. O-O Qxd1 11. Rxd1 f6 12. Nd4 Nxd4 13. cxd4 c6 14. Ba3
Be6 15. e4 Rd8 16. Rac1 Kf7 17. Bc5 Rd7 18. Bxb6 axb6 19. d5 cxd5 20. exd5 Bf5
21. Rd4 h5 22. h3 Rd6 23. Rc7 Rc8 24. Rxb7 Rc1+ 25. Kh2 Rc2 26. Kg1 Rxa2 27.
Rc4 Ra1+ 28. Kh2 Ra2 29. Kg1 Ra1+ 30. Kh2 Ra2 31. Kg1 1/2-1/2

[Event "16. Obert Internacional Sant Martí 2014"]
[Site "Barcelona ESP"]
[Date "2014.07.15"]
[Round "3.41"]
[White "Bernat, Ernest"]
[Black "Quirhuayo, Gonzalo"]
[Result "1/2-1/2"]
[WhiteElo "2101"]
[BlackElo "1858"]
[PlyCount "59"]
[EventDate "2014.07.13"]
[EventType "swiss"]
[EventRounds "9"]
[EventCountry "ESP"]
[Source "lmi"]
[SourceDate "2014.07.13"]

1. e4 c5 2. Nf3 Nc6 3. Nc3 Nf6 4. d4 cxd4 5. Nxd4 e5 6. Ndb5 d6 7. Nd5 Nxd5 8.
exd5 Ne7 9. c4 a6 10. Na3 g6 11. Bd3 Bg7 12. O-O f5 13. Rb1 O-O 14. Bd2 e4 15.
Bc2 Rb8 16. Qe1 b5 17. b3 Qb6 18. Rd1 bxc4 19. Nxc4 Qc7 20. Bf4 Rd8 21. f3 exf3
22. Rxf3 Qc5+ 23. Be3 Qc7 24. Bg5 Kf7 25. Re3 Rd7 26. Rh3 Qc5+ 27. Kh1 Nxd5 28.
Rxh7 Bb7 29. Bh6 Kg8 30. Rxg7+ 1/2-1/2

[Event "16. Obert Internacional Sant Martí 2014"]
[Site "Barcelona ESP"]
[Date "2014.07.15"]
[Round "3.42"]
[White "Matsenko, Elena"]
[Black "Monedero Gonzalez, Josep"]
[Result "1-0"]
[WhiteElo "1929"]
[BlackElo "2071"]
[PlyCount "53"]
[EventDate "2014.07.13"]
[EventType "swiss"]
[EventRounds "9"]
[EventCountry "ESP"]
[Source "lmi"]
[SourceDate "2014.07.13"]

1. e4 e6 2. d4 d5 3. Nd2 Nc6 4. Ngf3 Nf6 5. e5 Nd7 6. c3 f6 7. exf6 Qxf6 8. Bb5
Bd6 9. O-O e5 10. dxe5 Ncxe5 11. Nxe5 Bxe5 12. Bxd7+ Bxd7 13. Nf3 O-O-O 14. Bg5
Qf5 15. Bxd8 Rxd8 16. Nxe5 Qxe5 17. Re1 Qg5 18. Qd3 h6 19. Qe3 Qg6 20. Rad1 Re8
21. Qxa7 Rxe1+ 22. Rxe1 Bh3 23. g3 c6 24. Qe3 Qc2 25. Qe2 Qa4 26. Qe8+ Kc7 27.
Qe5+ 1-0

[Event "16. Obert Internacional Sant Martí 2014"]
[Site "Barcelona ESP"]
[Date "2014.07.15"]
[Round "3.43"]
[White "Mokal, Amruta Sunil"]
[Black "Julian Barrachina, Lluis"]
[Result "1-0"]
[WhiteElo "2046"]
[BlackElo "2125"]
[PlyCount "84"]
[EventDate "2014.07.13"]
[EventType "swiss"]
[EventRounds "9"]
[EventCountry "ESP"]
[Source "lmi"]
[SourceDate "2014.07.13"]

1. e4 e5 2. Nf3 Nc6 3. d4 exd4 4. Nxd4 Bc5 5. Nb3 Bb6 6. Nc3 Qf6 7. Qe2 Nge7 8.
Be3 d6 9. O-O-O Be6 10. Nd5 Bxd5 11. exd5 Ne5 12. h4 Bxe3+ 13. Qxe3 O-O 14. Be2
Rfe8 15. h5 Nf5 16. Qd2 Qh6 17. g4 Qxd2+ 18. Rxd2 Ne7 19. f4 Nd7 20. Bb5 Rad8
21. Na5 a6 22. Ba4 b5 23. Bb3 Nc5 24. Re1 Nc8 25. Rde2 Rxe2 26. Rxe2 Kf8 27.
Kd2 Nb6 28. c4 Re8 29. Rxe8+ Kxe8 30. Ke3 Kd7 31. Kd4 Ke8 32. Bc2 g6 33. b4
Ncd7 34. cxb5 axb5 35. hxg6 hxg6 36. g5 Nc8 37. Nc6 Ne7 38. Nxe7 Kxe7 39. Bd3
c5+ 40. dxc6 Nf8 41. Bxb5 Ne6+ 42. Ke4 Kd8 1-0

[Event "16. Obert Internacional Sant Martí 2014"]
[Site "Barcelona ESP"]
[Date "2014.07.15"]
[Round "3.44"]
[White "Gisbert Mir, Alejandro"]
[Black "Guix Torres, David"]
[Result "0-1"]
[WhiteElo "1804"]
[BlackElo "2045"]
[PlyCount "48"]
[EventDate "2014.07.13"]
[EventType "swiss"]
[EventRounds "9"]
[EventCountry "ESP"]
[Source "lmi"]
[SourceDate "2014.07.13"]

1. Nf3 Nf6 2. c4 c5 3. Nc3 Nc6 4. g3 g6 5. Bg2 Bg7 6. O-O O-O 7. d4 cxd4 8.
Nxd4 d6 9. Nxc6 bxc6 10. Bxc6 Rb8 11. Qd3 Qa5 12. Rb1 Bf5 13. e4 Bh3 14. Rd1
Ng4 15. Nd5 Ne5 16. Nxe7+ Kh8 17. Qd5 Qc7 18. Bg5 Be6 19. Qxd6 Qxd6 20. Rxd6
Nf3+ 21. Kg2 Nxg5 22. f4 Bh3+ 23. Kf2 Nxe4+ 24. Bxe4 Rbe8 0-1

[Event "16. Obert Internacional Sant Martí 2014"]
[Site "Barcelona ESP"]
[Date "2014.07.15"]
[Round "3.45"]
[White "Ventura Bolet, Maxim"]
[Black "Santolaria Pena, M."]
[Result "1-0"]
[WhiteElo "2044"]
[BlackElo "1902"]
[PlyCount "77"]
[EventDate "2014.07.13"]
[EventType "swiss"]
[EventRounds "9"]
[EventCountry "ESP"]
[Source "lmi"]
[SourceDate "2014.07.13"]

1. c4 Nf6 2. Nc3 d5 3. cxd5 Nxd5 4. Nf3 g6 5. Qa4+ c6 6. Qd4 Rg8 7. e4 Bg7 8.
Qa4 Nb6 9. Qa5 Bg4 10. Be2 N8d7 11. O-O e5 12. d3 h5 13. Be3 f5 14. Bg5 Bf6 15.
Bxf6 Qxf6 16. Rfe1 f4 17. d4 Bxf3 18. Bxf3 Nc4 19. Qb4 b5 20. Rad1 Rd8 21. d5
a5 22. Qb3 Nc5 23. Qc2 Rc8 24. dxc6 Qxc6 25. Rd5 Nb6 26. Rxe5+ Kf7 27. Nd5 Rge8
28. Rxe8 Kxe8 29. Qc3 Kf7 30. Qe5 Nxd5 31. exd5 Qf6 32. Qe2 b4 33. h3 Na4 34.
Qb5 Nb6 35. Re6 Rc1+ 36. Kh2 Qg5 37. Rxb6 Re1 38. Re6 Rxe6 39. dxe6+ 1-0

[Event "16. Obert Internacional Sant Martí 2014"]
[Site "Barcelona ESP"]
[Date "2014.07.15"]
[Round "3.46"]
[White "Castillo Dalmau, Albert"]
[Black "Lasinskas, Povilas"]
[Result "0-1"]
[WhiteElo "1695"]
[BlackElo "2212"]
[PlyCount "114"]
[EventDate "2014.07.13"]
[EventType "swiss"]
[EventRounds "9"]
[EventCountry "ESP"]
[Source "lmi"]
[SourceDate "2014.07.13"]

1. c4 Nf6 2. g3 g6 3. Bg2 d5 4. cxd5 Nxd5 5. Nc3 Nb6 6. Nf3 Bg7 7. O-O O-O 8.
d3 Nc6 9. Bd2 h6 10. Rb1 f5 11. b4 a6 12. Qc2 e5 13. e3 Be6 14. Rfc1 Qe7 15.
Na4 Nxa4 16. Qxa4 Qf7 17. Rc2 e4 18. Ne1 Ne5 19. d4 Nc4 20. Rxc4 Bxc4 21. Rc1
Bxa2 22. Bf1 c6 23. Ng2 g5 24. Qa5 Bd5 25. Be2 Bf6 26. Ra1 Rad8 27. Qb6 Kg7 28.
Rc1 Rd7 29. Qc5 Bd8 30. Ra1 Bc7 31. Rd1 Qe6 32. Qc3 Rdf7 33. Qc1 Rf6 34. Qc3
Qe8 35. Qc1 Qg6 36. Kh1 Kh8 37. Rg1 Qe8 38. Rd1 f4 39. exf4 gxf4 40. Bxf4 Bxf4
41. Nxf4 Rxf4 42. gxf4 e3+ 43. f3 Rxf4 44. Rf1 Rxd4 45. Qc3 Qe5 46. Qc5 Rf4 47.
Qb6 Qe7 48. Qa7 c5 49. Qb8+ Rf8 50. Qa7 Bc6 51. bxc5 Qd8 52. Qb6 Qxb6 53. cxb6
a5 54. Kg2 Rg8+ 55. Kh1 Rd8 56. Rd1 Rxd1+ 57. Bxd1 Bb5 0-1

[Event "16. Obert Internacional Sant Martí 2014"]
[Site "Barcelona ESP"]
[Date "2014.07.15"]
[Round "3.47"]
[White "Saiz Rodrigo, Fernando"]
[Black "Castillo Escario, Yolanda"]
[Result "1-0"]
[WhiteElo "1917"]
[BlackElo "2029"]
[PlyCount "73"]
[EventDate "2014.07.13"]
[EventType "swiss"]
[EventRounds "9"]
[EventCountry "ESP"]
[Source "lmi"]
[SourceDate "2014.07.13"]

1. e4 e5 2. Nc3 Nf6 3. g3 d5 4. exd5 Nxd5 5. Bg2 Ne7 6. Nf3 Nbc6 7. Qe2 Bg4 8.
Qe4 f5 9. Qa4 Qd7 10. d3 Bxf3 11. Bxf3 Nd4 12. Qxd7+ Kxd7 13. Bd1 Nec6 14. a3
h5 15. h4 Re8 16. O-O Bd6 17. Nd5 Ne7 18. Nxe7 Bxe7 19. c3 Ne6 20. Be3 f4 21.
Bd2 g5 22. hxg5 Bxg5 23. Be1 Reg8 24. Bf3 c6 25. Rd1 fxg3 26. fxg3 Be3+ 27. Kh1
h4 28. g4 Ng5 29. Be2 Rg7 30. Rf5 Re7 31. c4 c5 32. Bc3 Bf4 33. Rf1 Rhe8 34.
Bd1 Nf7 35. Ba4+ Ke6 36. R1xf4 Rg8 37. Rf6# 1-0

[Event "16. Obert Internacional Sant Martí 2014"]
[Site "Barcelona ESP"]
[Date "2014.07.15"]
[Round "3.48"]
[White "Ramon Serrano, Francisco Javier"]
[Black "Krotiuk, Daria"]
[Result "1-0"]
[WhiteElo "2022"]
[BlackElo "1924"]
[PlyCount "129"]
[EventDate "2014.07.13"]
[EventType "swiss"]
[EventRounds "9"]
[EventCountry "ESP"]
[Source "lmi"]
[SourceDate "2014.07.13"]

1. d4 Nf6 2. Nf3 c5 3. c3 cxd4 4. cxd4 Nc6 5. Nc3 d5 6. Bf4 Bg4 7. e3 Rc8 8.
Be2 e6 9. Ne5 Bxe2 10. Qxe2 Bb4 11. Qb5 Qb6 12. Qxb6 axb6 13. O-O Bxc3 14. bxc3
Nxe5 15. Bxe5 Rxc3 16. Bxf6 gxf6 17. Rfb1 Rc6 18. Rb3 Kd7 19. g3 Ra8 20. a3 Ra4
21. Rab1 Kc7 22. Kg2 e5 23. dxe5 fxe5 24. Rb5 Rd6 25. Rc1+ Kd7 26. Rc3 f6 27.
Rcb3 Kc7 28. Rc3+ Rc4 29. Rd3 Rc5 30. Rb4 Rc4 31. Rb5 d4 32. exd4 exd4 33. Kf3
Kc6 34. Rh5 b5 35. Rxh7 b4 36. axb4 Rxb4 37. h4 Kd5 38. Rc7 b5 39. h5 Rc4 40.
Rb7 Rc5 41. h6 Kc4 42. h7 Rh5 43. Rd1 Rd8 44. Rc7+ Kd5 45. Rg7 Rh8 46. Rd7+ Kc5
47. Rc1+ Kb6 48. Rd6+ Kb7 49. Rxf6 R8xh7 50. Rd1 Rd7 51. Ke4 Rhd5 52. Rd3 Kc7
53. f4 Kd8 54. Re6 Kc7 55. Re5 Rxe5+ 56. Kxe5 b4 57. Rxd4 b3 58. Rb4 Rd3 59. g4
Kc6 60. g5 Kc5 61. Rb8 Kc4 62. g6 Rd5+ 63. Kf6 Rb5 64. Rxb5 Kxb5 65. g7 1-0

[Event "16. Obert Internacional Sant Martí 2014"]
[Site "Barcelona ESP"]
[Date "2014.07.15"]
[Round "3.49"]
[White "Beaskoa Estany, Gabriel"]
[Black "Castrillo Mansego, Pablo"]
[Result "1/2-1/2"]
[WhiteElo "1893"]
[BlackElo "2013"]
[PlyCount "70"]
[EventDate "2014.07.13"]
[EventType "swiss"]
[EventRounds "9"]
[EventCountry "ESP"]
[Source "lmi"]
[SourceDate "2014.07.13"]

1. e4 e6 2. d4 d5 3. Nc3 dxe4 4. Nxe4 Nd7 5. Nf3 Ngf6 6. Ng3 c5 7. Be2 cxd4 8.
Qxd4 Bc5 9. Qa4 a6 10. O-O O-O 11. b4 Ba7 12. Rd1 Ng4 13. Ne4 f5 14. Nc5 Nxc5
15. bxc5 Qc7 16. h3 Nf6 17. Bf4 Qxc5 18. Be3 Qc7 19. Bxa7 Rxa7 20. Qd4 b5 21.
Ne5 Ra8 22. c4 Bb7 23. cxb5 axb5 24. Bxb5 Rfd8 25. Qb2 Rd5 26. Rxd5 Bxd5 27. a4
Qb6 28. Qe2 Ne4 29. Rc1 Qd4 30. Nf3 Qf6 31. Qe3 Qb2 32. Rc7 Qa1+ 33. Kh2 Qb2
34. Qd4 Qxd4 35. Nxd4 Nxf2 1/2-1/2

[Event "16. Obert Internacional Sant Martí 2014"]
[Site "Barcelona ESP"]
[Date "2014.07.15"]
[Round "3.50"]
[White "Ruhlmann, Helene"]
[Black "Inouss, Badr"]
[Result "0-1"]
[WhiteElo "1867"]
[BlackElo "2008"]
[PlyCount "72"]
[EventDate "2014.07.13"]
[EventType "swiss"]
[EventRounds "9"]
[EventCountry "ESP"]
[Source "lmi"]
[SourceDate "2014.07.13"]

1. d4 b6 2. c4 Bb7 3. Nc3 g6 4. Nf3 Bg7 5. e4 c6 6. Be2 a6 7. a4 d5 8. cxd5
cxd5 9. e5 e6 10. O-O Ne7 11. Bg5 h6 12. Bd2 O-O 13. b4 Nf5 14. Bd3 Qe7 15. b5
a5 16. Ne2 Nd7 17. Bc1 Rfc8 18. Ba3 Qd8 19. Qd2 f6 20. Nf4 fxe5 21. Nxe6 Qf6
22. Nxg7 Qxg7 23. dxe5 Nc5 24. Bxc5 bxc5 25. Rfc1 Kh7 26. Ra3 d4 27. Qe2 Bxf3
28. gxf3 Qe7 29. Rb3 Qg5+ 30. Kh1 Qxc1+ 31. Qf1 Qxf1+ 32. Bxf1 c4 33. Rb1 d3
34. Rd1 Rd8 35. f4 Rac8 36. b6 Rb8 0-1

[Event "16. Obert Internacional Sant Martí 2014"]
[Site "Barcelona ESP"]
[Date "2014.07.15"]
[Round "3.51"]
[White "Nadal Fajardo, Ricard"]
[Black "Colom Andres, Xavier"]
[Result "0-1"]
[WhiteElo "1999"]
[BlackElo "1905"]
[PlyCount "86"]
[EventDate "2014.07.13"]
[EventType "swiss"]
[EventRounds "9"]
[EventCountry "ESP"]
[Source "lmi"]
[SourceDate "2014.07.13"]

1. e4 c5 2. Nf3 g6 3. c4 Nc6 4. d4 cxd4 5. Nxd4 Nf6 6. Nc3 d6 7. Be2 Nxd4 8.
Qxd4 Bg7 9. O-O O-O 10. Qd1 Be6 11. Be3 Qa5 12. Bd4 Rac8 13. b3 a6 14. Rb1 Bd7
15. b4 Qd8 16. Qd3 e6 17. Be3 d5 18. cxd5 Rxc3 19. Qxc3 Nxd5 20. Qd2 Nc3 21.
Rbc1 Nxe2+ 22. Qxe2 Bb5 23. Qc2 Bxf1 24. Kxf1 Qd7 25. f3 Rd8 26. Ke2 Bf6 27. a4
Qd6 28. g3 Qxb4 29. Rb1 Qe7 30. Bb6 Rd7 31. Qc8+ Kg7 32. Bc5 Rc7 33. Bxe7 Rxc8
34. Bxf6+ Kxf6 35. Rb2 Rc4 36. Ke3 Rxa4 37. Rxb7 h5 38. Rb6 Ra1 39. Kf4 a5 40.
Ra6 a4 41. Ke3 a3 42. Kf4 a2 43. Ra5 e5+ 0-1

[Event "16. Obert Internacional Sant Martí 2014"]
[Site "Barcelona ESP"]
[Date "2014.07.15"]
[Round "3.52"]
[White "Yapar, Nedim"]
[Black "Romero Gamez, Francisco Javier"]
[Result "1-0"]
[WhiteElo "1971"]
[BlackElo "1795"]
[PlyCount "53"]
[EventDate "2014.07.13"]
[EventType "swiss"]
[EventRounds "9"]
[EventCountry "ESP"]
[Source "lmi"]
[SourceDate "2014.07.13"]

1. e4 c5 2. Nf3 d6 3. d4 cxd4 4. Nxd4 Nf6 5. Nc3 a6 6. Be3 e5 7. Nb3 Be6 8. h3
Be7 9. Qf3 Nbd7 10. g4 O-O 11. O-O-O b5 12. Kb1 Nb6 13. g5 Ne8 14. h4 b4 15.
Nd5 Bxd5 16. exd5 a5 17. Bd3 a4 18. Nd2 f6 19. gxf6 Nxf6 20. Rdg1 Qc7 21. Qg2
Rf7 22. Ne4 Nxe4 23. Qxe4 g6 24. h5 Bf8 25. hxg6 hxg6 26. Qxg6+ Bg7 27. Rh8+
1-0

[Event "16. Obert Internacional Sant Martí 2014"]
[Site "Barcelona ESP"]
[Date "2014.07.15"]
[Round "3.53"]
[White "Moreno Perez, Norberto"]
[Black "Paragliola, Gennaro"]
[Result "1-0"]
[WhiteElo "1962"]
[BlackElo "1560"]
[PlyCount "55"]
[EventDate "2014.07.13"]
[EventType "swiss"]
[EventRounds "9"]
[EventCountry "ESP"]
[Source "lmi"]
[SourceDate "2014.07.13"]

1. e4 d6 2. Bc4 Nf6 3. d3 g6 4. Nf3 Bg7 5. c3 O-O 6. Bg5 Nc6 7. Bb3 e5 8. O-O
h6 9. Bh4 g5 10. Bg3 Nh5 11. Nbd2 Nxg3 12. fxg3 Na5 13. Bc2 b6 14. Rf2 Nb7 15.
Nf1 f5 16. exf5 Bxf5 17. Ne3 Be6 18. Qe2 g4 19. Nh4 Rxf2 20. Kxf2 Qf6+ 21. Kg1
h5 22. Rf1 Qg5 23. Nef5 Rf8 24. d4 Bxf5 25. Nxf5 exd4 26. Qe4 Nc5 27. Ne7+ Kh8
28. Qh7# 1-0

[Event "16. Obert Internacional Sant Martí 2014"]
[Site "Barcelona ESP"]
[Date "2014.07.16"]
[Round "4.1"]
[White "Burmakin, Vladimir"]
[Black "Cuartas, Jaime Alexander"]
[Result "1/2-1/2"]
[WhiteElo "2590"]
[BlackElo "2483"]
[PlyCount "128"]
[EventDate "2014.07.13"]
[EventType "swiss"]
[EventRounds "9"]
[EventCountry "ESP"]
[Source "lmi"]
[SourceDate "2014.07.13"]

1. Nf3 c5 2. c4 Nc6 3. Nc3 g6 4. g3 Bg7 5. Bg2 d6 6. O-O Nh6 7. d4 cxd4 8. Bxh6
Bxh6 9. Nxd4 Bd7 10. c5 dxc5 11. Nxc6 Bxc6 12. Bxc6+ bxc6 13. Qc2 O-O 14. Na4
Qd2 15. Qxd2 Bxd2 16. Nxc5 Rfd8 17. Rfd1 Rd5 18. Nd3 Bg5 19. h4 Bf6 20. Rac1
Ra5 21. a3 c5 22. Rd2 Rb8 23. Kf1 Rab5 24. a4 Ra5 25. Rc4 e6 26. Ke1 Kf8 27.
Kd1 Ke8 28. Kc2 Be7 29. b3 Rd8 30. Ne5 Rxd2+ 31. Kxd2 Bd6 32. Nd3 Ke7 33. h5
Kf6 34. hxg6 hxg6 35. e4 g5 36. g4 Kg7 37. e5 Be7 38. Ke3 Ra6 39. Kd2 Ra5 40.
Ke2 Kg6 41. Kf3 Kg7 42. Ke4 Kg6 43. f3 Kg7 44. Ke3 Ra6 45. Kd2 Ra5 46. Nf2 Kf8
47. Kd3 Ke8 48. Re4 Ra6 49. Kc4 Rb6 50. Nd3 Rb8 51. Re2 Kf8 52. Rb2 Rd8 53.
Nxc5 Rc8 54. b4 a5 55. Rc2 axb4 56. Kxb4 Rb8+ 57. Ka5 Ke8 58. Ka6 Ra8+ 59. Kb5
Rb8+ 60. Ka6 Ra8+ 61. Kb7 Ra5 62. Kb6 Bd8+ 63. Kc6 Be7 64. Kb6 Bd8+ 1/2-1/2

[Event "16. Obert Internacional Sant Martí 2014"]
[Site "Barcelona ESP"]
[Date "2014.07.16"]
[Round "4.2"]
[White "Movsziszian, Karen"]
[Black "Perez Mitjans, Orelvis"]
[Result "1/2-1/2"]
[WhiteElo "2520"]
[BlackElo "2414"]
[PlyCount "99"]
[EventDate "2014.07.13"]
[EventType "swiss"]
[EventRounds "9"]
[EventCountry "ESP"]
[Source "lmi"]
[SourceDate "2014.07.13"]

1. g3 Nf6 2. Bg2 d5 3. d3 g6 4. Nd2 Bg7 5. e4 c5 6. Ngf3 Nc6 7. O-O O-O 8. c3
e5 9. Qb3 dxe4 10. dxe4 Qe7 11. Qb5 a6 12. Qe2 b5 13. a4 Rb8 14. Re1 h6 15. Nf1
Be6 16. N3d2 c4 17. Ne3 Qc5 18. h3 Rbd8 19. axb5 axb5 20. Qf3 Rd7 21. Nb1 Rfd8
22. Nc2 Nh7 23. Be3 Qd6 24. Ra6 Qc7 25. Kh2 Qc8 26. Rb6 Rb7 27. Rxb7 Qxb7 28.
Rd1 Rxd1 29. Qxd1 Bf8 30. Qc1 h5 31. Nd2 Nf6 32. Nf1 Na5 33. Qd1 Nxe4 34. Nb4
f5 35. Qd8 Nc6 36. Nxc6 Qxc6 37. f3 Nd6 38. Qf6 Bf7 39. Qxe5 Qd5 40. Qf6 Bg7
41. Qd8+ Kh7 42. Bf4 Ne8 43. Qb6 Nf6 44. Ne3 Qd7 45. Be5 Nd5 46. Nxd5 Bxe5 47.
Nf6+ Bxf6 48. Qxf6 Bd5 49. h4 Qb7 50. Qe5 1/2-1/2

[Event "16. Obert Internacional Sant Martí 2014"]
[Site "Barcelona ESP"]
[Date "2014.07.16"]
[Round "4.3"]
[White "Gomez Garrido, Camilo Ernesto"]
[Black "Alarcon Casellas, Rolando"]
[Result "1/2-1/2"]
[WhiteElo "2495"]
[BlackElo "2378"]
[PlyCount "23"]
[EventDate "2014.07.13"]
[EventType "swiss"]
[EventRounds "9"]
[EventCountry "ESP"]
[Source "lmi"]
[SourceDate "2014.07.13"]

1. e4 e6 2. d4 d5 3. exd5 exd5 4. Bd3 Bd6 5. Ne2 Ne7 6. Bf4 Nbc6 7. c3 Bf5 8.
O-O O-O 9. Bxf5 Nxf5 10. Qd3 Qd7 11. Nd2 Rfe8 12. Bxd6 1/2-1/2